00229nam a2200097Ia 4500008004100000041000800041082001200049100001800061245004300079260000900122240625s9999 xx 000 0 und d aeng a004 TUR aTURBAN EFRAIM aINTRODUCTION TO INFORMATION TECHNOLOGY c2009